| 000 | 00564nam a22001817a 4500 | ||
|---|---|---|---|
| 999 |
_c15200 _d15200 |
||
| 003 | AR-CdUCM | ||
| 008 | 190426b ||||| |||| 00| 0 spa d | ||
| 040 |
_aMUNICIPALIDAD PROVINCIAL DEL CUSCO _cBIBLIOTECA MUNICIPAL DEL CUSCO |
||
| 082 |
_aSI / 803.08 / _bM15 |
||
| 100 |
_aMacho Quevedo, Eduardo _934232 |
||
| 245 | _aCuentos se hadas Turcos / | ||
| 260 |
_aBarcelona : _bMolino, _c1959. |
||
| 300 |
_a99 paginas ; _bIlustraciones, _c29 cm. |
||
| 650 |
_aLiteratura infantil _9588 |
||
| 650 |
_aCuentos _9217 |
||
| 942 |
_2ddc _cLIBROS |
||
| 945 |
_arjall _d2019-04-26 |
||